000 00964nam a2200241Ia 4500
003 GCL
008 140319s9999 xx 000 0 ara d
020 _a5878299953
040 _aGCL /
_cGCL
082 0 4 _a320.973
_bم ا
100 1 _aموور،مايكل
245 1 0 _aايها المتانق ماذا حل ببلادى؟ /
_cموور،مايكل
700 1 _aحسان البستانى
250 _aالاولى
260 _aبيروت :
_bالدار العربية للعلوم ،
_c2005
300 _a277 ص ؛
_c24 سم
650 0 4 _aالقوى العظمى
650 0 4 _aالولايات المتحدة الامريكية - الاحوال السياسية
650 0 4 _aاحداث 11 سبتمبر
650 0 4 _aالولايات المتحدة الامريكية - البيت الابيض
650 0 4 _aالولايات المتحدة الامريكية - تاريخ - العصر الحديث - جورج بوش (الابن)
942 _2ddc
_cBK
999 _c8012
_d8012